书目信息 |
| 题名: |
广义修辞学
|
|
| 作者: | 谭学纯 , 朱玲 著 | |
| 分册: | ||
| 出版信息: | 合肥 安徽教育出版社 2008.06 |
|
| 页数: | 442页 | |
| 开本: | 23cm | |
| 丛书名: | ||
| 单 册: | ||
| 中图分类: | H05 | |
| 科图分类: | ||
| 主题词: | 修辞学 | |
| 电子资源: | ||
| ISBN: | 978-7-5336-2799-7 | |
| 000 | 00773nam0 2200253 450 | |
| 001 | 012002003442 | |
| 005 | 20100325103710.67 | |
| 010 | @a978-7-5336-2799-7@dCNY45.00 | |
| 100 | @a20070801d2008 em y0chiy0110 ea | |
| 101 | 0 | @achi |
| 102 | @aCN@b340000 | |
| 105 | @ay z 000yy | |
| 106 | @ar | |
| 200 | 1 | @a广义修辞学@9guang yi xiu ci xue@f谭学纯,朱玲著 |
| 205 | @a2版@b修订版 | |
| 210 | @a合肥@c安徽教育出版社@d2008.06 | |
| 215 | @a442页@d23cm | |
| 330 | @a本书分为总论、表达论、接受论、互动论四部分,其内容包括:修辞功能三层面、话语权和表达策略、修辞幻象、解释权和接受策略等。 | |
| 606 | 0 | @a修辞学 |
| 690 | @aH05@v4 | |
| 701 | 0 | @a谭学纯@9tan xue chun@4著 |
| 701 | 0 | @a朱玲@9zhu ling@4著 |
| 801 | 0 | @aCN@bNLC@c20100325 |
| 905 | @b799002-06@dH05@e159=2@f5 | |
| 广义修辞学/谭学纯,朱玲著.-2版,修订版.-合肥:安徽教育出版社,2008.06 |
| 442页;23cm |
| ISBN 978-7-5336-2799-7:CNY45.00 |
| 本书分为总论、表达论、接受论、互动论四部分,其内容包括:修辞功能三层面、话语权和表达策略、修辞幻象、解释权和接受策略等。 |
| ● |
| 相关链接 |
|
|
|
|
正题名:广义修辞学
索取号:H05/159=2
 
预约/预借
| 序号 | 登录号 | 条形码 | 馆藏地/架位号 | 状态 | 备注 |
| 1 | 799002 | 207990021 | 第二样本阅览室/ [索取号:H05/159=2] | 在馆 | |
| 2 | 799003 | 207990030 | 第四借阅区/ [索取号:H05/159=2] | 在馆 | |
| 3 | 799004 | 207990049 | 第四借阅区/ [索取号:H05/159=2] | 在馆 | |
| 4 | 799005 | 207990058 | 第四借阅区/ [索取号:H05/159=2] | 在馆 | |
| 5 | 799006 | 207990067 | 第四借阅区/ [索取号:H05/159=2] | 在馆 |